000 nam a22 7a 4500
999 _c10488
_d10488
008 180217b ||||| |||| 00| 0 eng d
100 _aRustagi, P
_96407
245 _aLearnwell social science -III
260 _aNew Delhi
_bHoly Faith Publication
_c2013